A history of mission in India / (Record no. 83916)

MARC details
000 -LEADER
fixed length control field 00594nam a22002057a 4500
005 - DATE AND TIME OF LATEST TRANSACTION
control field 20230703164719.0
010 ## - LCCN (DPL NO)
LC control number ENG-109842 ENG-137249
020 ## - INTERNATIONAL STANDARD BOOK NUMBER
International Standard Book Number 9789351480051
Terms of availability 1440.00
020 ## - INTERNATIONAL STANDARD BOOK NUMBER
International Standard Book Number 9351480054
Terms of availability 1440.00
035 ## - SYSTEM CONTROL NUMBER
System control number EN-93375 EN-120781
037 ## - SOURCE OF ACQUISITION
Source of stock number/acquisition DBAD/PUB
082 ## - DEWEY DECIMAL CLASSIFICATION NUMBER
Classification number 280.66
100 ## - MAIN ENTRY--PERSONAL NAME
Personal name Richter ,Julius.
245 00 - TITLE STATEMENT
Title A history of mission in India /
Statement of responsibility, etc by Julius Richter,D.D.
260 ## - PUBLICATION, DISTRIBUTION, ETC. (IMPRINT)
Place of publication, distribution, etc New Delhi
Name of publisher, distributor, etc Christian World Imprints
Date of publication, distribution, etc 2014
270 ## - ADDRESS
Address H-12, Bali Nagar
City New Delhi
Postal code 110015
300 ## - PHYSICAL DESCRIPTION
Extent vii;472p.
Dimensions 23cm(Hb)
500 ## - GENERAL NOTE
General note Includes index
942 ## - ADDED ENTRY ELEMENTS (KOHA)
Source of classification or shelving scheme Dewey Decimal Classification
Item type English Books
Call number suffix RIC
Holdings
Withdrawn status Lost status Not for loan Collection code Home library Current library Date acquired Cost, normal purchase price Full call number Barcode Copy number Cost, replacement price Koha item type Source of acquisition
      Non-fiction Bawana Bawana 03/07/2023 1440.00 280.66 RIC EN-120781 1 1400.00 English Books DBAD/PUB
    Not For Loan Non-fiction D.B.Act.Division D.B.Act.Division 01/05/2014 1440.00 RIC EN-93375 1 1440.00 English Books  

© Delhi Public Library
Hit Counter
free hit counter